000 00554nam a2200193Ia 4500
999 _c10462
_d10462
003 OSt
005 20191219150948.0
008 190216s9999||||xx |||||||||||||| ||und||
020 _a0074635654
040 _coclc
082 _a337
_bCHE/I
100 _aCherunilam, Francis
_9546
245 0 _aInternational Economics /
_cFrancis Cherunilam
250 _a3rd ed.
260 _bTata Mcgraw Hill Publishing Company Ltd,
_c2002.
_aNew Delhi:
300 _a523p
650 _aEconomics
942 _cBK
_2ddc
_h337
_iCHE/I
_k337
_mCHE/I